000 00301nam a2200157Ia 4500
100 _aSeverdia/Ron
650 _aJoomla
942 _cBK
366 _f20
245 _aUsing Joomla
260 _bSPD
_c2010
082 _a5.133
_bSEV
300 _a383
546 _aENGLISH
_cComputers
999 _c29761
_d29761